Normal view MARC view

Entry Personal Name

Number of records used in: 1

001 - CONTROL NUMBER

  • control field: 1236578

003 - CONTROL NUMBER IDENTIFIER

  • control field: OSt

005 - DATE AND TIME OF LATEST TRANSACTION

  • control field: 20260430150135.0

008 - FIXED-LENGTH DATA ELEMENTS

  • fixed length control field: 260430|| aca||aabn | a|a d

040 ## - CATALOGING SOURCE

  • Original cataloging agency: OSt
  • Transcribing agency: OSt

100 ## - HEADING--PERSONAL NAME

  • Personal name: Yadav Priyanka Au.; Awasthi Satish k. Gu

670 ## - SOURCE DATA FOUND

  • Source citation: Work cat.: (OSt)1849049: Yadav Priyanka Au.; Awasthi Satish k. Gu., Diversified Catalytic Applications of Surface Modified Cobalt Ferrate Nannopracticles and biophysical Study of Antimaterial Compounds, 2021
Copyright @ Delhi University Library System